[Event "URU-chT3"]
[Site "Montevideo"]
[Date "2023.07.21"]
[Round "1.2"]
[White "Rivas Puch, Juan"]
[Black "Picart, Maximiliano"]
[Result "1-0"]
[WhiteElo "1675"]
[BlackElo "1604"]
[PlyCount "41"]
[EventDate "2023.07.21"]
[EventType "swiss"]
[EventRounds "5"]
[EventCountry "URU"]
[SourceTitle "EXT 2024"]
[Source "ChessBase"]
[SourceDate "2023.10.10"]
[SourceVersion "1"]
[SourceVersionDate "2023.10.10"]
[SourceQuality "1"]
[WhiteTeam "Trebejos Tablejos"]
[BlackTeam "Los Pibes de la Proa"]
[WhiteTeamCountry "URU"]
[BlackTeamCountry "URU"]

1. d4 d5 2. Nf3 Nf6 3. g3 e6 4. Bg2 Be7 5. c4 c6 6. 0-0 0-0 7. Qc2 Nbd7 8. Nbd2 Qc7 9. b3 b6 10. Bb2 Bb7 11. Ne5 Rac8 12. Rac1 c5 13. cxd5 Nxe5 14. d6 Bxd6 15. Bxb7 cxd4 16. Bxc8 Rxc8 17. Qxc7 Bxc7 18. Bxd4 Ng6 19. Rc2 Nd5 20. Rfc1 Rd8 21. Nf3 1-0

[Event "Montevideo op"]
[Site "Montevideo"]
[Date "2023.03.01"]
[Round "1"]
[White "Pisano, Aaron"]
[Black "Rivas Puch, Juan"]
[Result "1-0"]
[WhiteElo "1479"]
[BlackElo "1670"]
[PlyCount "95"]
[EventDate "2023.03.01"]
[EventType "swiss"]
[EventRounds "5"]
[EventCountry "URU"]
[SourceTitle "EXT 2024"]
[Source "ChessBase"]
[SourceDate "2023.10.10"]
[SourceVersion "1"]
[SourceVersionDate "2023.10.10"]
[SourceQuality "1"]

1. Nf3 Nf6 2. c4 g6 3. Nc3 Bg7 4. g3 c5 5. Bg2 Nc6 6. e3 0-0 7. 0-0 d5 8. cxd5 Nb4 9. e4 e6 10. d3 exd5 11. a3 Nc6 12. Bg5 dxe4 13. Nxe4 h6 14. Nxf6+ Bxf6 15. Bxh6 Re8 16. Qd2 Bg4 17. h4 Bxf3 18. Bxf3 Nd4 19. Bd1 Qd5 20. Rb1 Rad8 21. Be3 Nf5 22. Bg5 Re6 23. Bxf6 Rxf6 24. Qg5 Rfd6 25. Bc2 Qc6 26. h5 Nd4 27. Bd1 Rd5 28. Qh4 Nf5 29. Qg5 Rxd3 30. Bc2 R8d5 31. Bxd3 Rxd3 32. hxg6 fxg6 33. Rbd1 Rxd1 34. Rxd1 Nd4 35. Qd8+ Kf7 36. Rxd4 cxd4 37. Qxd4 a6 38. a4 b5 39. axb5 axb5 40. b4 Qc1+ 41. Kg2 Qc6+ 42. Kh2 Qc4 43. Qf4+ Ke7 44. Kh3 Qf1+ 45. Kg4 Qe2+ 46. f3 Qc4 47. Kg5 Qe6 48. Qe4 1-0

[Event "Montevideo Duchamp Cup 6th"]
[Site "Montevideo"]
[Date "2023.02.10"]
[Round "8"]
[White "Rivas Puch, Juan"]
[Black "Rodriguez Farias, Eduardo"]
[Result "1/2-1/2"]
[WhiteElo "1637"]
[BlackElo "1901"]
[PlyCount "46"]
[EventDate "2023.02.03"]
[EventType "swiss"]
[EventRounds "9"]
[EventCountry "URU"]
[SourceTitle "CBM 212 Extra"]
[Source "ChessBase"]
[SourceDate "2023.03.31"]
[SourceVersion "1"]
[SourceVersionDate "2023.03.31"]
[SourceQuality "1"]

1. e4 c5 2. Nf3 Nc6 3. d4 cxd4 4. Nxd4 Nf6 5. Nc3 e5 6. Ndb5 d6 7. Bg5 a6 8. Na3 b5 9. Nd5 Be7 10. Bxf6 Bxf6 11. c3 Ne7 12. Nc2 Nxd5 13. Qxd5 Ra7 14. Nb4 Bb7 15. Qd3 Qa8 16. Qxd6 Bxe4 17. Nxa6 Rxa6 18. Bxb5+ Bc6 19. Bxa6 Qxa6 20. Qb8+ Ke7 21. Qxh8 Qd3 22. Qc8 Qe4+ 23. Kd1 Qd3+ 1/2-1/2

[Event "Montevideo Trebejos Primavera op"]
[Site "Montevideo"]
[Date "2022.11.14"]
[Round "5"]
[White "Rivas Puch, Juan"]
[Black "Saralegui Cassan, Mario"]
[Result "0-1"]
[WhiteElo "1652"]
[BlackElo "2014"]
[PlyCount "49"]
[EventDate "2022.10.17"]
[EventType "swiss"]
[EventRounds "6"]
[EventCountry "URU"]
[SourceTitle "EXT 2024"]
[Source "ChessBase"]
[SourceDate "2023.10.10"]
[SourceVersion "1"]
[SourceVersionDate "2023.10.10"]
[SourceQuality "1"]

1. e4 e5 2. Nf3 Nc6 3. Bc4 Nf6 4. d3 h6 5. c3 g6 6. 0-0 Bg7 7. Re1 0-0 8. Nbd2 d6 9. Nf1 a6 10. a4 Kh7 11. Bb3 Nb8 12. Ng3 Nbd7 13. h4 Nc5 14. Bc2 Bg4 15. d4 Ncd7 16. Qd3 Nh5 17. Nxh5 Bxh5 18. Bg5 hxg5 19. Nxg5+ Kg8 20. f3 Bh6 21. g4 Bxg5 22. gxh5 Bxh4 23. Kg2 gxh5 24. f4 exf4 25. Qh3 0-1

[Event "Montevideo Trebejos op 05"]
[Site "Montevideo"]
[Date "2022.05.27"]
[Round "5"]
[White "Rivas Puch, Juan"]
[Black "Avedisian, Alexander"]
[Result "1/2-1/2"]
[WhiteElo "1626"]
[BlackElo "1872"]
[PlyCount "90"]
[EventDate "2022.05.13"]
[EventType "swiss"]
[EventRounds "6"]
[EventCountry "URU"]
[SourceTitle "EXT 2024"]
[Source "ChessBase"]
[SourceDate "2023.10.10"]
[SourceVersion "1"]
[SourceVersionDate "2023.10.10"]
[SourceQuality "1"]

1. e4 c5 2. Nf3 g6 3. d4 cxd4 4. Nxd4 Nf6 5. Nc3 Nc6 6. Be3 Bg7 7. Bc4 Qa5 8. 0-0 0-0 9. Bb3 d6 10. h3 Bd7 11. Qd2 Rac8 12. Nxc6 Bxc6 13. Nd5 Qd8 14. Nxf6+ Bxf6 15. Bd4 e5 16. Bxa7 Bxe4 17. Rad1 Be7 18. c3 Bf5 19. Rfe1 Be6 20. Bd5 Qa5 21. Be3 b5 22. a3 Rfd8 23. Bg5 Qc7 24. Bxe7 Qxe7 25. Qe3 Rc5 26. Qf3 f5 27. Rd2 Rdc8 28. Red1 e4 29. Qf4 Bxd5 30. Rxd5 Rxd5 31. Rxd5 Rc6 32. Qd2 Rb6 33. Qd4 Qd8 34. Qb4 Qb8 35. Qb3 Kf8 36. Qd1 Ke7 37. Qd4 Ke6 38. c4 Qb7 39. cxb5 Qxd5 40. Qxb6 Qd1+ 41. Kh2 f4 42. Qc6 Qe2 43. Qe8+ Kd5 44. Qf7+ Ke5 45. Qe7+ Kf5 1/2-1/2

[Event "Montevideo Trebejos op 05"]
[Site "Montevideo"]
[Date "2022.05.23"]
[Round "4"]
[White "Rivas Puch, Juan"]
[Black "Pena Canapa, Alfredo"]
[Result "1/2-1/2"]
[WhiteElo "1626"]
[BlackElo "1845"]
[PlyCount "52"]
[EventDate "2022.05.13"]
[EventType "swiss"]
[EventRounds "6"]
[EventCountry "URU"]
[SourceTitle "EXT 2024"]
[Source "ChessBase"]
[SourceDate "2023.10.10"]
[SourceVersion "1"]
[SourceVersionDate "2023.10.10"]
[SourceQuality "1"]

1. e4 c6 2. d4 d5 3. e5 Bf5 4. h4 h6 5. g4 Bd7 6. c4 e6 7. Nc3 c5 8. cxd5 exd5 9. Bg2 cxd4 10. Qxd4 Nc6 11. Qxd5 Bxg4 12. Qe4 Qd7 13. Nge2 Bf5 14. Qf4 Nge7 15. h5 0-0-0 16. Be3 Qe6 17. Qa4 Kb8 18. Rc1 Rd7 19. Rh4 Bd3 20. Bh3 Bf5 21. Bxf5 Qxf5 22. Rc4 Qxh5 23. Nd4 Qh1+ 24. Ke2 Qh5+ 25. Kf1 Qh1+ 26. Ke2 Qh5+ 1/2-1/2

[Event "Colonia del Sacramento op 3rd"]
[Site "Colonia del Sacramento"]
[Date "2022.05.22"]
[Round "?"]
[White "Lopez, Aldi"]
[Black "Rivas Puch, Juan"]
[Result "1-0"]
[WhiteElo "2031"]
[BlackElo "1626"]
[PlyCount "55"]
[EventDate "2022.05.20"]
[EventType "swiss"]
[EventRounds "5"]
[EventCountry "URU"]
[SourceTitle "CBM 208 Extra"]
[Source "ChessBase"]
[SourceDate "2022.07.31"]
[SourceVersion "1"]
[SourceVersionDate "2022.07.31"]
[SourceQuality "1"]

1. e4 c5 2. Nf3 Nc6 3. d4 cxd4 4. Nxd4 g6 5. Nxc6 bxc6 6. Qd4 Nf6 7. e5 Nd5 8. c4 Nc7 9. e6 f6 10. exd7+ Qxd7 11. Qxd7+ Bxd7 12. Nc3 e5 13. Be3 Ne6 14. 0-0-0 Bc5 15. Bxc5 Nxc5 16. Be2 f5 17. Rhe1 0-0-0 18. b4 Na6 19. a3 Rhe8 20. c5 Nc7 21. Bc4 a6 22. Na4 Be6 23. Nb6+ Kb7 24. Rxd8 Rxd8 25. Rxe5 Bxc4 26. Nxc4 Nd5 27. Na5+ Kc7 28. Re6 1-0

[Event "Montevideo Trebejos op 05"]
[Site "Montevideo"]
[Date "2022.05.16"]
[Round "2"]
[White "Rivas Puch, Juan"]
[Black "Rodriguez Berruti, Andres"]
[Result "1-0"]
[WhiteElo "1626"]
[BlackElo "1513"]
[PlyCount "87"]
[EventDate "2022.05.13"]
[EventType "swiss"]
[EventRounds "6"]
[EventCountry "URU"]
[SourceTitle "EXT 2024"]
[Source "ChessBase"]
[SourceDate "2023.10.10"]
[SourceVersion "1"]
[SourceVersionDate "2023.10.10"]
[SourceQuality "1"]

1. e4 c5 2. Nf3 e6 3. d4 cxd4 4. Nxd4 Nf6 5. Nc3 Nc6 6. Ndb5 Bc5 7. Nd6+ Ke7 8. Bf4 e5 9. Nf5+ Kf8 10. Bg5 h6 11. Bxf6 Qxf6 12. Nd5 Qd8 13. Bc4 g6 14. Nfe3 Kg7 15. 0-0 d6 16. Kh1 Be6 17. f4 exf4 18. Rxf4 Ne5 19. Bb3 Rc8 20. Qe2 Rf8 21. Raf1 Qg5 22. Nc3 a6 23. Ned5 Bb4 24. Qd2 Bxc3 25. Nxc3 Bxb3 26. axb3 Rc6 27. Nd5 Re8 28. c3 Rf8 29. Qd4 Qd8 30. Rf6 Kg8 31. Nb4 Rb6 32. Nd5 Rc6 33. h3 Nd7 34. R6f4 Qg5 35. Rg4 Qe5 36. Qe3 Kg7 37. Rgf4 Rc5 38. Qd3 Rcc8 39. b4 Rce8 40. Qf3 g5 41. Rxf7+ Rxf7 42. Qxf7+ Kh8 43. Nf6 Nxf6 44. Rxf6 1-0

[Event "Montevideo Trebejos op 03"]
[Site "Montevideo"]
[Date "2022.03.11"]
[Round "2"]
[White "Rivas Puch, Juan"]
[Black "Martinez Fernandez, Fernando"]
[Result "1-0"]
[WhiteElo "1510"]
[BlackElo "1814"]
[PlyCount "49"]
[EventDate "2022.03.07"]
[EventType "swiss"]
[EventRounds "6"]
[EventCountry "URU"]
[SourceTitle "EXT 2023"]
[Source "ChessBase"]
[SourceDate "2022.10.05"]
[SourceVersion "1"]
[SourceVersionDate "2022.10.05"]
[SourceQuality "1"]

1. e4 c6 2. d4 d5 3. e5 Bf5 4. h4 h5 5. Bg5 Qb6 6. Bd3 Qxd4 7. Nf3 Qxb2 8. Bxf5 Qxa1 9. e6 f6 10. c4 Qxa2 11. cxd5 Qxd5 12. Qc2 fxg5 13. 0-0 Rh6 14. hxg5 Rf6 15. gxf6 exf6 16. Nc3 Qa5 17. Bh3 Ne7 18. Ne4 Nd5 19. Rd1 Be7 20. Nd4 Na6 21. Nxc6 Qc7 22. Nxf6+ Bxf6 23. Rxd5 Kf8 24. Qh7 g5 25. Rd7 1-0